| 000 | 009580000a22003250004500 | ||
|---|---|---|---|
| 650 | _aWheat grains | ||
| 650 | _aWheat plants | ||
| 650 | _aCereal crops | ||
| 650 | _aAgricultural extension | ||
| 650 | _aCrop diversification | ||
| 650 | _aPlant pathology | ||
| 650 | _aSeeds | ||
| 650 | _aFertilizers | ||
| 650 | _aAnnual reports | ||
| 650 | _aAgriculture | ||
| 650 | _aNational development | ||
| 651 | _aNepal | ||
| 651 | _aRupandehi District | ||
| 651 | _aBhairahawa | ||
| 651 | _aSiddharth Nagar | ||
| 082 |
_a633.11 _bF739a _cN |
||
| 518 | _a940107 | ||
| 530 | _aM | ||
| 110 | _aMinistry of Food, Agriculture and Irrigation, Dept. of Agriculture, National Wheat Development Program, Nepal | ||
| 245 | _aNational Wheat development program; annual report 034-35/1977-78 | ||
| 260 |
_aKathmandu _bBhairahawa Agriculture Farm _cSiddharth Nagar, Rupandehi, Nepal |
||
| 300 |
_a99p. _bphotos, tables |
||
| 041 | _aEng | ||
| 942 | _cGEN | ||
| 999 |
_c3061 _d3061 |
||